Sabrina Carpenter Albums — Which One Doesn't Belong? - Statistics

General Stats
  • This quiz has been taken 78 times
  • The average score is 5 of 7
Answer Stats
Question Answer % Correct
Singular: Act II Nobody's Son
97%
Short n' Sweet Fast Times
95%
Man's Best Friend Coincidence
92%
emails i can't send prfct
85%
Singular: Act I Can't Blame a Girl for Trying
76%
EVOLution Right Now
45%
Eyes Wide Open Take Off All Your Cool
42%
No matching quizzes found
Score Distribution
Percent of People with Each Score
Percentile by Number Answered
Your Score History
You have not taken this quiz